00584nam a2200169Ia 4500003000900000008004100009020002200050040001600072080002300088245016400111260002500275300001400300650002300314650002400337700002400361700002900385IN-BaIIA211028s9999 xx 000 0 eng d a978-3-319-09197-6 cIIA Library a52(082.1)bASS-408 0aGiants of eclipsebthe zeta aurigae stars and other binary systemscedited by Thomas B Ake and Elizabeth Griffin  aChambSpringerc2015 axv, 202p. aEclipsing binaries aScience - astronomy aAke, Thomas B., ed. aGriffin, Elizabeth., ed.